=LDR 00000nam 2200000 4500 =001 INLIS000000000030123 =005 20130612132309 =008 ***********************************Ind** =035 ##$$a0010-061300000030123 =041 ##$$a Ind =082 ##$$a 364.1 =090 ##$$a 364.1, Nuh j =100 ##$$a Nuh, Mohammad =245 ##$$a Jejaring anti trafficking strategi penghapusan perdagangan perempuan dan anak, Mohammad Nuh =260 ##$$a 2005 $b Yogyakarta =300 ##$$a 130 hlm, 21 cm =650 ##$$a Kejahatan =850 ##$$a NBPNMAT =990 ##$$a 0001/BPAP-NTB/20142014